| 000 | 00643nam a22001937a 4500 | ||
|---|---|---|---|
| 005 | 20251108171735.0 | ||
| 008 | 250721s9999 xx 000 0 ara d | ||
| 082 | 1 | 4 | _aم/811.1/سكر |
| 100 | 1 | _aالسكري، أبو سعيد الحسن بن الحسين | |
| 245 | 1 | 0 | _aكتاب شرح أشعار الهذليين / |
| 264 | 1 |
_aالقاهره : _bمكتبة دار العروبة، _c[19-]. |
|
| 300 | _aج | ||
| 490 | 0 | _aكنوز الشعر ؛ 3 | |
| 650 | 1 | 7 | _aالشعر الجاهلي |
| 650 | 1 | 7 | _aالشعر العربي |
| 700 | 1 |
_aفراج، عبد الستار أحمد _eتحقيق |
|
| 942 |
_2ddc _cREF |
||
| 999 |
_c61305 _d61305 |
||